|
|
|
|
| LEADER |
01074cam a2200313Ia 4500 |
| 001 |
9780203501184 |
| 003 |
FlBoTFG |
| 005 |
20091230162919.0 |
| 006 |
a|||||s||||||||||| |
| 007 |
cr|||| |
| 008 |
030715s2004 nyu sb 001 0 eng d |
| 020 |
|
|
|a 9780203501184 (e-book : PDF)
|
| 040 |
|
|
|a FlBoTFG
|c FlBoTFG
|d GrThAP
|
| 090 |
|
|
|a CB311
|b .U56 2004
|
| 092 |
|
|
|a 305.4209
|b U572
|
| 245 |
0 |
0 |
|a Ungendering civilization
|h [electronic resource] /
|c edited by K. Anne Pyburn.
|
| 260 |
|
|
|a New York :
|b Routledge,
|c 2004.
|
| 300 |
|
|
|a xiii, 242 p.
|
| 504 |
|
|
|a Includes bibliographical references and index.
|
| 530 |
|
|
|a Also available in print edition.
|b CRC Press (http://www.crcpress.com)
|
| 538 |
|
|
|a Mode of access: World Wide Web.
|
| 650 |
|
0 |
|a Civilization, Ancient.
|
| 650 |
|
0 |
|a Comparative civilization.
|
| 650 |
|
0 |
|a Women
|x History
|y To 500.
|
| 650 |
|
0 |
|a Sex role
|x History
|y To 1500.
|
| 655 |
|
7 |
|a Electronic books.
|2 lcsh
|
| 700 |
1 |
|
|a Pyburn, K. Anne.
|
| 776 |
1 |
|
|z 9780415260589
|
| 856 |
4 |
0 |
|u http://www.tandfebooks.com/isbn/9780203501184
|z Full Text via HEAL-Link
|